• 首页
  • 本馆介绍
  • 公告通知
  • 最新文献
  • 馆藏检索
  • 电子资源
  • 读者导购
  • 参考咨询
  • 我的图书馆
  • 登录
  • 详细信息显示
  • 放入我的书架
  • 预约/预借图书
  • 作者相关作品
  • 分类相关作品
  • 丛书相关作品
  • 出版社相关作品

书目信息

  • 表格格式
  • 工作单格式
  • 卡片格式
题名:
中国动物图谱
    
 
作者: 郑葆珊 , 李思忠 著
分册: 第五册   鱼类
出版信息: 北京   科学出版社  1965.09
页数: 68页
开本: 26cm
丛书名:
单 册:
中图分类: Q959.4
科图分类:
主题词: 动物学:分类学 , 动物--中国--图谱
电子资源:
ISBN:
000 00726nam0 2200253 45
001 0175004037
005 20061122161808.21
010    @dCNY0.68
100    @a19951030d1965 em y0chiy0121 ea
101 0  @achi
102    @aCN@b110000
105    @aa z 000yy
200 10 @a中国动物图谱@Azhong guo dong wu tu pu@i鱼类@h第五册@f郑葆珊,李思忠著@Fzheng bao shan,li si zhong zhu
210    @a北京@c科学出版社@d1965.09
215    @a68页@d26cm
517 1  @a鱼类@Ayu lei
606 0  @a动物学:分类学
606    @a动物@y中国@x图谱
690    @aQ959.4@v3
701  0 @a郑葆珊@Azheng bao shan@4著
701  0 @a李思忠@Ali si zhong@4著
801  0 @aCN@bTSSF@c20061122
801  2 @aCN@bNLC@c20061122
905    @a10447@dQ959.4@e30:5
    
    中国动物图谱.鱼类.第五册/郑葆珊,李思忠著.-北京:科学出版社,1965.09
    68页;26cm
    
    
    ISBN :CNY0.68
    
●
相关链接 在E读中查询图书 在五车中查询图书 在当当中查询图书 在豆瓣中查询图书


正题名:中国动物图谱     索取号:Q959.4/30:5         预约/预借

序号 登录号 条形码 馆藏地/架位号 状态 备注
1 0249111   202450043   第二样本阅览室/ [索取号:Q959.4/30:5] 在馆    
唐山师范学院图书馆 欢迎您!
大连网信软件有限公司© 版权所有